000 00851nam a2200313 b 4500
001 0488193
003 DO-SdBNP
005 20180221102332.0
007 0488193
008 960723s1993 sp a ||| ||spa
016 7 _a
_2BPMSU
017 _a
_b
020 _a8434835150
035 _a
040 _aBPMSU
_bspa
_cBPMSU
_e
080 0 _a
100 1 _aBordons, Paloma
_d1964-
245 1 _aMico /
_cPaloma Bordons ; ilustraciones, Pablo Echevarría
_h
250 _a3ª ed.
260 _aMadrid :
_bSM,
_c1993
300 _a101 p. :
_bil.;
_c20 cm
490 0 _aEl barco de vapor.
_aSerie azul
_v40
521 _aA partir de 7 años.
700 _aEchevarría, Pablo
_eil.
830 0 _aEl barco de vapor.
_pSerie azul
_v40
942 _2ddc
_cBK
945 _aInventariado, 2018/ YL
956 _aVMATEO
_210
_320160412
_6BPMSU
_80069
999 _c9695
_d9695